Quizzes
Events
Quiz Creation
Community
Videos
Private Events
Remove Ads
Sign In
Join for FREE
Feedback
Dark Mode
Quiz Categories
Sports
Geography
Music
Movies
Television
Just For Fun
Miscellaneous
History
Literature
Language
Science
Gaming
Entertainment
Religion
Holiday
For Kids
Quiz Lab
Recent
Popular Today
Quiz Kudos Today
Editor Picks
Curator Picks
Quizzes by...
Day
Popularity
Type
Ratings
Length
Year
Community
Subscriptions
Recent Discussions
Orange Saloon
Badges
Playlists
Quests
Create
Leaderboards
Showdown
Live 5
Trivia Bingo
Activity
Puzzle Library
Sporcle Events
Private Events
Virtual Trivia
Globe League
Become a Host
Pub Owners
SporcleCon
Opinionation
Our Games
Videos
Blog
Mobile Apps
Partnerships
Remove Ads and Go Orange
Feedback
Miscellaneous
Crossword
General Knowledge
Baby Names
Logo
Food
Cars
Numbers
Grab Bag
University
College
Popular
Company
Slogans
Restaurants
Justice
Letter
Miscellaneous
Crossword
General Knowledge
Baby Names
Logo
Food
Cars
Numbers
Grab Bag
University
College
Popular
Company
Slogans
Restaurants
Justice
Letter
Random Quiz
Search Sporcle
×
Editor Pick
Editor Pick
Miscellaneous
Category
Type in answers that appear in a list
Type in answers that appear in a list
Classic
Best Score? Go Orange.
Ends in A, E, I, O and U Stats
Can you name the things in various categories that end in A, E, I, O and U?
By
crazylegs
8m
70 Questions
544 Plays
544 Plays
544 Plays
Comments
Comments
Give Quiz Kudos
Give Quiz Kudos
-
- Ratings
hide this ad
Replay
Link that replays current quiz
Next Quiz
Link to next quiz in quiz playlist
You Got
0%
They Got
Avg Score
31%
Avg Friend Score
Upgrade to see
Score Distribution
Jump to the score distribution portion of the page
Score
0/70
Timer
08:00
0
Plays Today
% Correct
Sacramento
76.8%
Othello
69.1%
Tallahassee
68.9%
Millard Fillmore
67.5%
Columbia
66.5%
Atlanta
65.6%
Athena
63.8%
Boise
61.2%
Honolulu
59.9%
Juneau
59.7%
Olympia
58.8%
Augusta
56.6%
Apollo
56.1%
Helena
55.1%
Baton Rouge
53.7%
Santa Fe
52.2%
Pierre
51.1%
Nashville
48.5%
Topeka
47.1%
Calvin Coolidge
45%
Providence
44.7%
Cheyenne
43.8%
Yale
43%
Iodine
40.4%
Aphrodite
40.4%
Hera
38.2%
Manganese
37.9%
Hosea
33.8%
Fluorine
32.5%
Barack Obama
32.4%
James Monroe
32%
Casablanca
31.8%
Luke
31.1%
Malachi
27.4%
Bromine
26.5%
% Correct
Chicago
25.4%
Columbia
24.8%
Franklin Pierce
23.2%
Astatine
21.7%
Jude
20.6%
The Merchant of Venice
20.2%
Slumdog Millionaire
19.9%
Chlorine
19.7%
Antony and Cleopatra
17.6%
Ezra
17.6%
Gandhi
16.4%
Shakespeare in Love
15.3%
Joshua
14.2%
Haggai
13.8%
The Two Gentlemen of Verona
12.9%
Gigi
12.1%
University of Pennsylvania
11.4%
All About Eve
11.2%
Out of Africa
11%
Chariots of Fire
10.5%
Chelsea
10.5%
Lawrence of Arabia
9.6%
Ordinary People
9.4%
Rebecca
8.8%
Measure for Measure
8.3%
The Bridge on the River Kwai
7.5%
The Winter's Tale
7%
Troilus and Cressida
6.8%
Cavalcade
6.4%
You Can't Take it With You
5%
Cymbeline
5%
The Life of Emile Zola
4.6%
Aston Villa
4%
Crystal Palace
1.7%
Pericles, Prince of Tyre
0.9%
Quiz Playlist
Details
Report
Send in Message
Add To Playlist
Classic:
Type in answers that appear in a list
Last Updated: Feb 16, 2017
Editor Pick in
Miscellaneous
Quiz Scoreboard
CHALLENGE
Sign Up to Join the Scoreboard
Show All
Scores
Hide
Comments
May contain spoilers
Recently Published
Presidents Visiting Landmarks
by Hejman
History
7m
An Introduction to Baseball
by treessimontrees
Sports
5m
Movies - When Are They Set?
by FPL_Elf
Movies
5m
More to Explore
Quiz From the Vault
Featured Blog Post
Where Did the Easter Bunny Come From?
hide this ad
You Might Also Like...
Tags
Category
end
Vowel
Today's Top Quizzes in Miscellaneous
Browse Miscellaneous
hide this ad
Today's Top Quizzes in Category
Browse Category
Top Contributed Quizzes in Miscellaneous
1
5-to-1: Fast Food
2
The JOE quick-fire general knowledge quiz: Day 174
3
The JOE quick-fire general knowledge quiz: Day 173
4
5-to-1: Cocktails
5
The JOE quick-fire general knowledge quiz: Day 172
6
Sunday Crossword: Famous Bodies of Water
7
One Thing in Common: United Kingdom II
8
The JOE quick-fire general knowledge quiz: Day 171
9
Named After an Animal - Odd One Out!
10
The JOE quick-fire quiz: Day 170
Explore More
Trending Topics
Kpop
Harry Potter
Disney
Crossword
NBA
Marvel
Anime
WWE
Soccer
Puzzle
Pokémon
Country
NFL
Song
The Office
hide this ad
More By:
crazylegs
Quiz
Plays
Rating
Category
Featured
Created
State by Single Letter
154,123
4.47
Geography
Dec 18, 2010
Largest Urban Areas per Continent
120,023
4.14
Geography
Nov 14, 2010
Countries with a Foreign Film Oscar
64,537
4.17
Movies
Feb 11, 2011
Oscar Winners: Which Movie?
61,777
4.24
Movies
Jun 14, 2011
Historical Threesomes
60,513
3.88
History
Dec 8, 2010
Go to Creator's Profile
Score Distribution
Quiz Creator Spotlight
crazylegs
Follow
Send a Message
Quizzes Created
-
Created Quiz Play Count
-
More By This Creator
Popular Quizzes Today
1
Find the US States - No Outlines Minefield
2
Find the Countries of Europe - No Outlines Minefield
3
The Countries of the World
4
Find the US States
5
Popular People in 1961
6
US States
7
Risky Map Clicking: Biggest States A-Z
8
Movies - When Are They Set?
More Miscellaneous Quizzes
'X' Blitz
Published
Trending Quizzes
Risky Map Clicking: Least Populous States A-Z
1-10 Letter G Words
1-10 Letter F Words
Risky Map Clicking: Next State Alphabetically
Risky Map Clicking: Biggest States A-Z
Recently Updated
Leaping Animals
pecheneg
Reality TV Shows (A-Z)
bhenderson79
Rickey Henderson's Hall of Fame Teammates
pecheneg
Champions League XIs: Arsenal
pecheneg
Quick Pick: Celebrities in WWE's Hall of Fame
aduchscher
A-Z Keypad Blitz II
pecheneg
Multiple Oscar Actors
pecheneg
Mystery Phrase Blitz: Oscar 'Best Actors'
pecheneg
F. Scott Fitzgerald Novels
LTH
Pick 3 Villains
ddd62291
Trending Topics
NBA
Anime
Disney
Harry Potter
Crossword
Marvel
Kpop
NFL
Song
The Office
Puzzle
Country
Pokémon
Soccer
WWE
Your Account Isn't Verified!
In order to create a playlist on Sporcle, you need to verify the email address you used during registration. Go to your
Sporcle Settings
to finish the process.
Report this User
Report this user for behavior that violates our
Community Guidelines
.
Details:
Send Report
Go to the Sporcle.com Mobile Site →
Comments